[Event "Salon de Provence op"]
[Site "Salon de Provence"]
[Date "2023.07.09"]
[Round "2.5"]
[White "Philippe, Alexis"]
[Black "Hovaguimian, Gerard"]
[Result "1-0"]
[WhiteElo "1552"]
[BlackElo "1368"]
[PlyCount "97"]
[EventDate "2023.07.08"]
[EventType "swiss"]
[EventRounds "9"]
[EventCountry "FRA"]
[SourceTitle "EXT 2024"]
[Source "ChessBase"]
[SourceDate "2023.10.10"]
[SourceVersion "1"]
[SourceVersionDate "2023.10.10"]
[SourceQuality "1"]

1. e4 c5 2. Nf3 d6 3. d4 cxd4 4. Nxd4 Nf6 5. Nc3 Nc6 6. f3 h6 7. Be3 e6 8. Bc4 a6 9. Qd2 Bd7 10. a4 Ne5 11. Bb3 Rc8 12. 0-0-0 Nc4 13. Bxc4 Rxc4 14. b3 Rc8 15. g4 Qa5 16. Kb2 Nh7 17. h4 g6 18. Nde2 Nf6 19. g5 hxg5 20. hxg5 Nh5 21. Bd4 e5 22. Bf2 Rc6 23. Ng3 Bg7 24. Nxh5 gxh5 25. Rdg1 Kd8 26. Bh4 Kc8 27. g6 f6 28. Qd3 Be6 29. Nd5 Bxd5 30. exd5 Rc7 31. c4 Rd7 32. Qf5 Qd8 33. Be1 Rh6 34. Rxh5 Rxh5 35. Qxh5 Qh8 36. Rh1 Qxh5 37. Rxh5 Kd8 38. Bh4 Ke8 39. Kc2 Kf8 40. Rh7 Re7 41. Kd3 Re8 42. Bxf6 Bxf6 43. Rf7+ Kg8 44. Rxf6 Rd8 45. Rf7 Rb8 46. Rd7 b5 47. axb5 axb5 48. Rxd6 bxc4+ 49. bxc4 1-0